000 00603nam a2200229Ia 4500
003 OSt
005 20220924142429.0
006 a|||||r|||| 00| 0
007 ta
008 220923b |||||||| |||| 00| 0 ben d
024 _a301881
037 _cTextual
040 _aARTS
_cARTS
_bben
041 _2ben
_aben
082 _aY1:1v2:N5, 157K5
100 _aVidyabhushan Amulya Charan
_9213379
245 0 _aBharat sanskritir utsadhara
260 _c1965
650 _aSOCIOLOGY
942 _hY1:1v2:N5, 157K5
_cTEXL
_2CC
999 _c450691
_d450691